| 000 | 00870nas a2200277 4500 | ||
|---|---|---|---|
| 001 | BR2012007219 | ||
| 003 | BR-BrBNA | ||
| 005 | 20231205121220.0 | ||
| 007 | ta | ||
| 008 | 230509b bl.|||p| |||| 00| 00por d | ||
| 040 |
_aBR-BrBNA _bpor _cBiblioteca Nacional de Agricultura |
||
| 041 | _a(En) | ||
| 072 | _aM40 | ||
| 100 | 1 | _aBalassa, G.C. | |
| 100 | 1 | _aSouza, D.C. de | |
| 100 | 1 | _aLima, S.B. de | |
| 245 | 1 | _aEvaluation of the potential of Pontederia parviflora Alexander in the absorption of copper (Cu)and its effects on tissues | |
| 650 | _aPLANTA AQUÁTICA | ||
| 650 | _aABSORÇÃO | ||
| 650 | _aMETAL | ||
| 650 | _aCOBRE | ||
| 650 | _aANÁLISE | ||
| 773 | 0 |
_tActa Scientiarum. Biological Sciences (Brazil) _xISSN 1679-9283 _g(Jul- Sep 2010), v. 32(3) p. 311-316 _wBR2012007219 |
|
| 909 |
_a202311 _bLúcia _c55 _dLúcia Elande |
||
| 942 |
_2AGRIS _n0 _cANA |
||
| 999 |
_c222368 _d222368 |
||